000 00700nam a2200217 a 4500
001 31894
003 BD-RjUL
005 20211209051749.0
008 140422s1931 enk 00000 eng d
035 _a(BD-RjUL)31982
040 _aBD-RjUL
_beng
_cBD-RjUL
_dBD-RjUL
041 _aeng
082 0 0 _a828.1
_bROE 1931
100 1 0 _aRolle, Richard,
_d1290?-1349.
_997089
245 1 0 _aEnglish writings of Richard Rolle, hermit of Hampole /
_cEdited by Hope Emily Allen.
260 0 _aOxford :
_bClarendon,
_c1931.
300 _b illus. ;
_axiv, 180 p. ;
_c 20 cm.
650 0 _aEnglish literature
_yMiddle English, 1100-1500.
_997090
700 1 0 _aAllen, Hope Emily,
_963074
942 _2ddc
_cBK
999 _c31894
_d31894